000
00259nam a22001217a 4500
008
170508b xxu||||| |||| 00| 0 eng d
041
_a
eng
080
_a
34
100
_a
14
101
_a
SHJ
245
_a
PEOOF OF FACTS
_c
KNAPP.D.P.V
942
_2
udc
_c
BK
999
_c
12885
_d
12885